部首为黑/白/青/黄的常见中文汉字 Common Chinese characters with the radical colors - Statistics

General Stats
  • This quiz has been taken 24 times
  • The average score is 15 of 38
Answer Stats
拼音首字母 笔画数 汉字 % Correct
b 5
81%
h 11
81%
h 12
81%
a 21
76%
q 8
71%
d 16
62%
j 11
62%
l 12
62%
h 12
57%
j 14
57%
q 16
57%
q 19
57%
x 18
57%
a 11
48%
c 17
48%
h 9
48%
m 16
48%
d 8
43%
y 17
43%
b 6
38%
ɡ 9
38%
ɡ 10
38%
q 20
38%
w 12
38%
y 18
38%
z 7
33%
d 20
29%
p 17
14%
d 17
10%
j 9
10%
j 13
10%
b 7
5%
c 20
5%
h 16
5%
l 20
5%
x 13
5%
b 12
0%
y 20
0%
No matching quizzes found
Score Distribution
Percent of People with Each Score
Percentile by Number Answered
Your Score History
You have not taken this quiz